[Event "GER-ch U16 Girls"]
[Site "Willingen"]
[Date "2016.05.15"]
[Round "1"]
[White "Ratay, Meike"]
[Black "Duan, Muxi"]
[Result "1-0"]
[WhiteElo "1720"]
[BlackElo "1246"]
[PlyCount "109"]
[EventDate "2016.05.15"]
[EventType "swiss"]
[EventRounds "9"]
[EventCountry "GER"]
[SourceTitle "CBM 172 Extra"]
[Source "ChessBase"]
[SourceDate "2016.06.21"]
[SourceVersion "1"]
[SourceVersionDate "2016.06.21"]
[SourceQuality "1"]

1. e4 e5 2. Nf3 Nc6 3. Bc4 Nf6 4. Nc3 Be7 5. d4 Nxd4 6. Nxe5 Ne6 7. 0-0 d6 8. Nd3 Nd7 9. f4 c6 10. Be3 0-0 11. a4 Nb6 12. Ba2 d5 13. exd5 cxd5 14. Bxb6 Qxb6+ 15. Kh1 Nc7 16. Nxd5 Nxd5 17. Bxd5 Rd8 18. Bb3 Bf5 19. Bc4 Rac8 20. b3 Qg6 21. Qe2 Bf6 22. Rac1 Bc3 23. Qf3 Bxd3 24. Bxd3 Qb6 25. Be4 Rc7 26. Rcd1 Re8 27. Rd3 Bf6 28. Rfd1 Rce7 29. Re1 Qb4 30. Rde3 Bd4 31. c3 Bxc3 32. Rxc3 g6 33. h3 Rxe4 34. Rxe4 Rxe4 35. Rc8+ Kg7 36. Qc3+ Qxc3 37. Rxc3 Re1+ 38. Kh2 Rb1 39. Kg3 h5 40. Kf3 h4 41. Kg4 Rg1 42. Kxh4 Rxg2 43. Rc7 b6 44. Rxa7 Rb2 45. Rb7 Rxb3 46. a5 Ra3 47. axb6 Rb3 48. Rb8 Rb4 49. Kg4 Rb5 50. b7 f6 51. Kf3 g5 52. fxg5 fxg5 53. Kg4 Kg6 54. Rg8+ Kf6 55. b8Q 1-0

[Event "GER-ch U14 Girls"]
[Site "Magdeburg"]
[Date "2014.06.11"]
[Round "6"]
[White "Caliebe, Nanke"]
[Black "Duan, Muxi"]
[Result "0-1"]
[WhiteElo "1272"]
[BlackElo "1052"]
[PlyCount "44"]
[EventDate "2014.06.08"]
[EventType "swiss"]
[EventRounds "9"]
[EventCountry "GER"]
[SourceTitle "CBM 160 Extra"]
[Source "ChessBase"]
[SourceDate "2014.07.01"]
[SourceVersion "1"]
[SourceVersionDate "2014.07.01"]
[SourceQuality "1"]

1. d4 d5 2. c4 c6 3. Nc3 Nf6 4. Nf3 dxc4 5. e4 b5 6. a3 e6 7. Bg5 Be7 8. Be2 0-0 9. Qd2 Na6 10. 0-0 Nc7 11. Rfd1 Bb7 12. Qe3 a5 13. Bxf6 Bxf6 14. Na2 g6 15. h3 Bg7 16. b3 cxb3 17. Qxb3 Qe7 18. Rab1 Rfd8 19. Rd3 Ba6 20. Rc3 b4 21. Bxa6 bxc3 22. Qxc3 Rxa6 0-1

[Event "GER-ch U12"]
[Site "Oberhof"]
[Date "2013.05.25"]
[Round "11"]
[White "Christiansen, Sarah"]
[Black "Duan, Muxi"]
[Result "1/2-1/2"]
[WhiteElo "1014"]
[BlackElo "929"]
[PlyCount "48"]
[EventDate "2013.05.19"]
[EventType "swiss"]
[EventRounds "11"]
[EventCountry "GER"]
[SourceTitle "CBM 154 Extra"]
[Source "ChessBase"]
[SourceDate "2013.06.25"]
[SourceVersion "2"]
[SourceVersionDate "2013.06.25"]
[SourceQuality "1"]

1. e4 e5 2. Nf3 Nc6 3. Bc4 Bc5 4. c3 Nf6 5. d4 exd4 6. e5 d5 7. Bb5 Ne4 8. cxd4 Bb4+ 9. Bd2 Bxd2+ 10. Nbxd2 0-0 11. Bxc6 bxc6 12. Rc1 Bd7 13. 0-0 Rb8 14. b3 Qe7 15. Re1 Nxd2 16. Qxd2 Rb5 17. Ng5 h6 18. e6 fxe6 19. Nf3 c5 20. Ne5 Be8 21. Qe3 cxd4 22. Qxd4 c5 23. Qd2 Rf5 24. Nd3 Bg6 1/2-1/2

[Event "GER-ch U12"]
[Site "Oberhof"]
[Date "2013.05.19"]
[Round "2"]
[White "Duan, Muxi"]
[Black "Wurst, Maximilian"]
[Result "0-1"]
[WhiteElo "929"]
[BlackElo "1332"]
[PlyCount "102"]
[EventDate "2013.05.19"]
[EventType "swiss"]
[EventRounds "11"]
[EventCountry "GER"]
[SourceTitle "CBM 154 Extra"]
[Source "ChessBase"]
[SourceDate "2013.06.25"]
[SourceVersion "2"]
[SourceVersionDate "2013.06.25"]
[SourceQuality "1"]

1. e4 e5 2. Nf3 Nc6 3. Nc3 Nf6 4. Bb5 Bc5 5. 0-0 a6 6. Ba4 0-0 7. d3 d6 8. Be3 Bb6 9. d4 Bg4 10. d5 Nd4 11. Bxd4 Bxd4 12. Qd3 Bxf3 13. Qxf3 b5 14. Bb3 Bxc3 15. bxc3 a5 16. a4 Qb8 17. c4 b4 18. Rfe1 Qb6 19. c3 bxc3 20. Qxc3 Rab8 21. Rab1 Qc5 22. Bc2 Ng4 23. Qf3 Nf6 24. Bd3 Rb4 25. Ra1 Rb3 26. Qd1 Rfb8 27. Rb1 Rb2 28. Re2 Rxb1 29. Bxb1 Qxc4 30. h3 Qb4 31. Bc2 h6 32. Re3 Qc5 33. Qd2 Rb2 34. Qc3 Rxc2 35. Qxc5 Rxc5 36. f3 Rc1+ 37. Kf2 Ra1 38. Rc3 Rxa4 39. Rxc7 Kf8 40. Ke3 Rb4 41. Ra7 a4 42. Kd3 Rd4+ 43. Kc3 Rd1 44. Rxa4 Rg1 45. Ra2 g6 46. Kd2 Nh5 47. Ke2 Nf4+ 48. Ke3 Rxg2 49. Ra8+ Ke7 50. Ra7+ Kf6 51. Ra6 Re2# 0-1